A postaigazgatás szervezete, feladatai, működése
Elmentve itt :
| Szerző: | |
|---|---|
| További közreműködők: | |
| Dokumentumtípus: | Szakdolgozat |
| Megjelent: |
1975
|
| Tárgyszavak: | |
| Online Access: | http://diploma.bibl.u-szeged.hu/18822 |
| LEADER | 00559nta a2200157 i 4500 | ||
|---|---|---|---|
| 001 | dipl18822 | ||
| 005 | 20120103092505.0 | ||
| 008 | 120103s1975 hu om 0|| zxx d | ||
| 040 | |a SZTE Diploma Repozitórium |b hun | ||
| 041 | |a zxx | ||
| 100 | 1 | |a Orosz László | |
| 245 | 1 | 2 | |a A postaigazgatás szervezete, feladatai, működése |h [elektronikus dokumentum] / |c László Orosz |
| 260 | |c 1975 | ||
| 650 | 4 | |a Jogi és igazgatási tanulmányok | |
| 700 | 1 | |a nincs megadva |e ths | |
| 856 | 4 | 0 | |u http://diploma.bibl.u-szeged.hu/id/eprint/18822/1/1975_orosz_laszlo.pdf |z Dokumentum-elérés |